000 00407nam a2200145Ia 4500
008 090124s9999 xx 000 0 und d
082 _b206101
245 _a अचरज भरी खोजें
250 _a1
260 _bशरण अंजलि
_c2002
300 _a56
630 _a अचरज भरी खोजें
730 _a अचरज भरी खोजें
942 _cBOOK
999 _c187685
_d187685